កូននាគខ្មៅ / (Record no. 1333)

MARC details
000 -LEADER
fixed length control field 01932nam a22002897a 4500
005 - DATE AND TIME OF LATEST TRANSACTION
control field 20230817110022.0
020 ## - INTERNATIONAL STANDARD BOOK NUMBER
International Standard Book Number 9789996305481
040 ## - CATALOGING SOURCE
Original cataloging agency FISKH
Language of cataloging eng
Transcribing agency FISKH
Modifying agency FISKH
082 ## - DEWEY DECIMAL CLASSIFICATION NUMBER
Classification number 398.2454
100 ## - MAIN ENTRY--PERSONAL NAME
Personal name Sarith, Huot
245 ## - TITLE STATEMENT
Title កូននាគខ្មៅ /
Statement of responsibility, etc. និពន្ធដោយ ហួត សារិទ្ធ - គូររូបដោយ អ៊ុករដ្ឋា
250 ## - EDITION STATEMENT
Edition statement បោះពុម្ពលើកទី៦ ខែវិច្ឆិកា​ ឆ្នាំ​២០២១
260 ## - PUBLICATION, DISTRIBUTION, ETC.
Place of publication, distribution, etc. Phnom Penh :
Name of publisher, distributor, etc. Sipar,
Date of publication, distribution, etc. 2021.
300 ## - PHYSICAL DESCRIPTION
Extent 36 pages :
Other physical details color illustrations ;
Dimensions 24 cm
490 ## - SERIES STATEMENT
Series statement ខ្ញុំចង់អាន
505 ## - FORMATTED CONTENTS NOTE
Formatted contents note P <br/>
520 ## - SUMMARY, ETC.
Summary, etc. កូននាគខ្មៅចូលចិត្តហោះលឿន ហើយតែងតែធ្វើឳ្យម្ដាយនាគបាម្ភជានិច្ច។ ថ្ងៃមួយ ពេលដែលម្ដាយចេញទៅរកកូន គាត់ក៏ត្រូវពួកចោរចាប់បាន។ កូននាគខ្មៅចង់ជួយម្ដាយ ហើយវា​ក៏បានជួបវិភូរី ដែលជាកូនស្ដេចម្នាក់ និងជាចំណាប់ខ្មាំងដែរ។
520 ## - SUMMARY, ETC.
Summary, etc. The baby black dragon loves to fly fast and always worries the mother. One day, when his mother went out to look for him, she was caught by thieves. The baby black dragon wanted to help his mother, then he met Viphuri, the daughter of a king and a hostage.
521 ## - TARGET AUDIENCE NOTE
Target audience note 650 <br/>
Source Lexile estimate<br/>
521 ## - TARGET AUDIENCE NOTE
Target audience note P<br/>
Source Raz-Plus <br/>
650 ## - SUBJECT ADDED ENTRY--TOPICAL TERM
Topical term or geographic name entry element លឿន
Form subdivision ស្វែងរក
General subdivision ជាប់ខ្លួន
Chronological subdivision ស្ដេច
650 ## - SUBJECT ADDED ENTRY--TOPICAL TERM
Topical term or geographic name entry element Fast
Form subdivision Looking for
General subdivision Caught
Chronological subdivision King
700 ## - ADDED ENTRY--PERSONAL NAME
Personal name Rotha, Ouk
Titles and other words associated with a name illustrator
942 ## - ADDED ENTRY ELEMENTS (KOHA)
Source of classification or shelving scheme Dewey Decimal Classification
Koha item type Books
Suppress in OPAC No
999 ## -
-- 1333
-- 1333
Holdings
Withdrawn status Lost status Source of classification or shelving scheme Damaged status Not for loan Collection Home library Current library Shelving location Date acquired Total Checkouts Full call number Barcode Date last seen Copy number Price effective from Koha item type Date last checked out
    Dewey Decimal Classification     Khmer Language Books / សៀវភៅភាសាខ្មែរ Footprints International School Library Network Toul Kork Campus Footprints International School Library Network Toul Kork Campus TK Campus, Room B402, Khmer Book Case 16, Shelves 112-123 / ទូរសៀវភៅខ្មែរលេខ ១៦​ ធ្នើរ ១១២ ដល់ ១២៣ បន្ទប់ B402 សាខាទួលគោក 08/17/2023   SAR 398.2454 2023-0279 08/17/2023 1 08/17/2023 Khmer Books  
    Dewey Decimal Classification     Khmer Language Books / សៀវភៅភាសាខ្មែរ Footprints International School Library Network Toul Kork Campus Footprints International School Library Network Toul Kork Campus TK Campus, Room B402, Khmer Book Case 16, Shelves 112-123 / ទូរសៀវភៅខ្មែរលេខ ១៦​ ធ្នើរ ១១២ ដល់ ១២៣ បន្ទប់ B402 សាខាទួលគោក 08/17/2023   SAR 398.2454 2023-0280 08/17/2023 2 08/17/2023 Khmer Books  
    Dewey Decimal Classification     Khmer Language Books / សៀវភៅភាសាខ្មែរ Footprints International School Library Network Toul Kork Campus Footprints International School Library Network Toul Kork Campus TK Old Khmer Books (Rear Hallway Shelf 3) 06/27/2024   SAR 398.2454 FISTKG3A010 06/27/2024 3 06/27/2024 Khmer Books  
    Dewey Decimal Classification     Khmer Language Books / សៀវភៅភាសាខ្មែរ Footprints International School Library Network Toul Kork Campus Footprints International School Library Network Toul Kork Campus TK Old Khmer Books (Rear Hallway Shelf 3) 07/08/2024   SAR 398.2454 FISTKG3B007 07/08/2024 4 07/08/2024 Khmer Books  
    Dewey Decimal Classification     Khmer Language Books / សៀវភៅភាសាខ្មែរ Footprints International School Library Network Toul Tom Poung Campus Footprints International School Library Network Toul Tom Poung Campus TTP Primary Khmer Bookshelves 08/21/2025   SAR 398.2454 2025-4174 08/21/2025 5 08/21/2025 Khmer Books  
    Dewey Decimal Classification     Khmer Language Books / សៀវភៅភាសាខ្មែរ Footprints International School Library Network Toul Tom Poung Campus Footprints International School Library Network Toul Tom Poung Campus TTP Primary Khmer Bookshelves 08/21/2025   SAR 398.2454 2025-4178 08/21/2025 6 08/21/2025 Khmer Books  
    Dewey Decimal Classification     Khmer Language Books / សៀវភៅភាសាខ្មែរ Footprints International School Library Network Toul Tom Poung Campus Footprints International School Library Network Toul Tom Poung Campus TTP Primary Khmer Bookshelves 10/09/2025 2 SAR 398.2454 FISBK03700 03/11/2026 7 10/09/2025 Khmer Books 03/11/2026
    Dewey Decimal Classification     Khmer Language Books / សៀវភៅភាសាខ្មែរ Footprints International School Library Network Toul Tom Poung Campus Footprints International School Library Network Toul Tom Poung Campus TTP Primary Khmer Bookshelves 11/27/2025   SAR 398.2454 2025-4919 11/27/2025 8 11/27/2025 Khmer Books